| 000 | 00000nam 2200000zi 4500 |
| 001 | 9.898478 |
| 003 | CaOODSP |
| 005 | 20240718111805 |
| 006 | m o d f |
| 007 | cr |n||||||||| |
| 008 | 210409e19700522onc|||| o f00| 0|eng d |
| 040 | |aCaOODSP|beng|erda|cCaOODSP |
| 043 | |an-cn-nf |
| 086 | 1 |aRE22-59/47-1970E-PDF |
| 100 | 1 |aRossiter, V. P., |eauthor. |
| 245 | 10|aProgram review, 1965-1970 / |cprepared by V.P. Rossiter. |
| 246 | 34|aFederal-provincial Newfoundland Fisheries Household Resettlement Program : |bprogram review, 1965-1970 |
| 264 | 1|aOttawa : |bDepartment of Regional Economic Expansion, |cMay 22, 1970. |
| 300 | |a1 online resource (iii, 122, [6] pages) : |bmaps |
| 336 | |atext|btxt|2rdacontent |
| 337 | |acomputer|bc|2rdamedia |
| 338 | |aonline resource|bcr|2rdacarrier |
| 500 | |aDigitized edition from print [produced by Innovation, Science and Economic Development Canada]. |
| 500 | |a"Project Assignment No. 47." |
| 650 | 0|aMigration, Internal|zNewfoundland and Labrador. |
| 650 | 0|aRural development|zNewfoundland and Labrador. |
| 650 | 6|aMigration intérieure|zTerre-Neuve-et-Labrador. |
| 650 | 6|aDéveloppement rural|zTerre-Neuve-et-Labrador. |
| 710 | 1 |aCanada. |bDepartment of Regional Economic Expansion, |eissuing body. |
| 856 | 40|qPDF|s7.69 MB|uhttps://publications.gc.ca/collections/collection_2024/isde-ised/re22/RE22-59-47-1970-eng.pdf |